| 000 | 00374nam a2200145Ia 4500 | ||
|---|---|---|---|
| 005 | 20250523124358.0 | ||
| 008 | 250523s9999||||xx |||||||||||||| ||und|| | ||
| 020 | _a9781265123031 | ||
| 082 | _a579 | ||
| 100 | _aWilley, Joanne M. | ||
| 245 | 0 | _aPrescott's Microbiology | |
| 260 |
_bMc Graw Hill _c2023 _aNew York |
||
| 300 |
_bPaper back _axxiii,907p. _c28 cm |
||
| 942 | _cBook | ||
| 999 |
_c16888 _d16888 |
||